| 000 | 00675cam a2200193 4500 | ||
|---|---|---|---|
| 001 | ABS62384 | ||
| 008 | 000000n2000 000 0 eng u | ||
| 035 | _a(Sirsi) u106065 | ||
| 100 | _aGummer, J. | ||
| 245 | _aLandowner, grasp these nettles | ||
| 260 | _c2000 | ||
| 490 |
_aCountry Life _v294(20) 18 May 2000, 100-103(3) |
||
| 520 | _aIn the first of a series of articles on the challenges faced by the National Trust in the 21st century, its role as a landowner is examined looking at why it is not setting a lead in the current agricultural crisis. | ||
| 590 | _aABS | ||
| 650 | _aNATIONAL TRUST | ||
| 650 | _aAGRICULTURE | ||
| 690 |
_aRural _96268 |
||
| 942 | _n0 | ||
| 999 |
_c63534 _d63534 |
||